The Gift of Love: (Record no. 4206)

MARC details
000 -LEADER
fixed length control field 00499nam a22001817a 4500
003 - CONTROL NUMBER IDENTIFIER
control field GBCCL
005 - DATE AND TIME OF LATEST TRANSACTION
control field 20241126110513.0
008 - FIXED-LENGTH DATA ELEMENTS--GENERAL INFORMATION
fixed length control field 180116b xxu||||| |||| 00| 0 eng d
020 ## - INTERNATIONAL STANDARD BOOK NUMBER
International Standard Book Number 0805451455
040 ## - CATALOGING SOURCE
Transcribing agency gbc
082 ## - DEWEY DECIMAL CLASSIFICATION NUMBER
Classification number 242
Item number MID
100 ## - MAIN ENTRY--PERSONAL NAME
Personal name Middleton, R.L.
9 (RLIN) 7992
245 ## - TITLE STATEMENT
Title The Gift of Love:
Remainder of title What it means, and how to give it /
Statement of responsibility, etc. R.L. Middleton
260 ## - PUBLICATION, DISTRIBUTION, ETC.
Name of publisher, distributor, etc. Broadman press,
Place of publication, distribution, etc. Nashville:
Date of publication, distribution, etc. 1976
300 ## - PHYSICAL DESCRIPTION
Extent 124 p.;
Dimensions 20 cm.
650 ## - SUBJECT ADDED ENTRY--TOPICAL TERM
Topical term or geographic name entry element Love
Form subdivision Meditation
9 (RLIN) 9911
942 ## - ADDED ENTRY ELEMENTS (KOHA)
Source of classification or shelving scheme Dewey Decimal Classification
Koha item type Books
Koha issues (borrowed), all copies 1
Holdings
Withdrawn status Lost status Source of classification or shelving scheme Damaged status Not for loan Home library Current Library Shelving location Date acquired Total checkouts Full call number Barcode Date last seen Date last checked out Copy number Price effective from Koha item type
    Dewey Decimal Classification     GRACE BIBLE COLLEGE GRACE BIBLE COLLEGE Ministry & Mission 2018-01-16 1 242 MID 008601 2025-05-01 2019-10-01 c.1 2018-01-16 Books
© Grace Bible College Library 2025